| Tag |
First Indicator |
Second Indicator |
Subfields |
| LEADER |
00000cam a2200000 4500 |
| 001 |
in00000061296 |
| 005 |
20151008051644.0 |
| 008 |
761025s1946 dcu b 00010 eng |
| 010 |
|
|
|a 46005137
|
| 035 |
|
|
|a (OCoLC)02526940
|
| 035 |
|
|
|9 AAG9225AM
|
| 040 |
|
|
|a DLC
|c GPM
|d TXA
|d UtOrBLW
|
| 049 |
|
|
|a TXAM
|c 1 [134820]
|c 2 [411957]
|
| 050 |
|
0 |
|a UB23
|b .N43
|
| 082 |
0 |
|
|a 355.35
|
| 092 |
|
|
|a 355.35
|b N428n
|
| 100 |
1 |
|
|a Nelson, Otto L.
|q (Otto Lauren),
|d 1902-1985.
|
| 245 |
1 |
0 |
|a National security and the General staff /
|c by Major General Otto L. Nelson jr.
|
| 264 |
|
1 |
|a Washington :
|b Infantry journal press,
|c [1946]
|
| 300 |
|
|
|a vi, 608 pages :
|b diagrams ;
|c 25 cm.
|
| 336 |
|
|
|a text
|b txt
|2 rdacontent
|
| 337 |
|
|
|a unmediated
|b n
|2 rdamedia
|
| 338 |
|
|
|a volume
|b nc
|2 rdacarrier
|
| 500 |
|
|
|a "A revision and an expansion of a thesis ... submitted to the Graduate school of public administration at Harvard university in March 1940."--Pref.
|
| 500 |
|
|
|a "First edition, May 1946."
|
| 504 |
|
|
|a "Footnotes" (bibliographical) at end of each chapter.
|
| 610 |
2 |
0 |
|a United States.
|b War Department.
|b General Staff.
|
| 650 |
|
0 |
|a Military administration.
|
| 999 |
|
|
|a MARS
|
| 999 |
f |
f |
|s c83a7fcc-93aa-320d-8d58-0218e2e058b0
|i dc370eb4-789e-3dc9-a91b-f79d3c3fe131
|t 0
|
| 952 |
f |
f |
|p ric
|a Texas A&M University
|b Rellis Campus
|c Joint Library Facility
|d Remote Storage
|t 0
|e UB23 .N43
|h Library of Congress classification
|i unmediated -- volume
|m A14800805041
|
| 998 |
f |
f |
|a UB23 .N43
|t 0
|l Remote Storage
|